Central Library OPAC University of Rajshahi

The rights of infants : (Record no. 29861)

MARC details
000 -LEADER
fixed length control field 00862cam a22002651 4500
001 - CONTROL NUMBER
control field 29861
003 - CONTROL NUMBER IDENTIFIER
rucl marc code BD-RjUL
005 - DATE AND TIME OF LATEST TRANSACTION
control field 20211209051455.0
008 - FIXED-LENGTH DATA ELEMENTS--GENERAL INFORMATION
fixed length control field 140407r19621943nyu 001 0 eng d
035 ## - SYSTEM CONTROL NUMBER
System control number (BD-RjUL)29946
040 ## - CATALOGING SOURCE
Original cataloging agency DLC
Transcribing agency DLC
Modifying agency DLC
-- BD-RjUL
Language of cataloging eng
041 ## - LANGUAGE CODE
Language code of text/sound track or separate title eng
082 00 - DEWEY DECIMAL CLASSIFICATION NUMBER
Classification number 649.122
Author mark and year RIR 1962
100 1# - MAIN ENTRY--PERSONAL NAME
Personal name Ribble, Margaret A.
Fuller form of name (Margaret Antoinette),
Dates associated with a name 1890-
9 (RLIN) 90858
245 14 - TITLE STATEMENT
Title The rights of infants :
Remainder of title early psychological needs and their satisfaction /
Statement of responsibility, etc. by Margaret A. Ribble.
260 ## - PUBLICATION, DISTRIBUTION, ETC. (IMPRINT)
Place of publication, distribution, etc. New York :
Name of publisher, distributor, etc. Columbia University Press,
Date of publication, distribution, etc. 1948 [Reprinted 1962]
300 ## - PHYSICAL DESCRIPTION
Pagination viii, 148 p. ;
Size 20 cm.
504 ## - BIBLIOGRAPHY, ETC. NOTE
Bibliography, etc Includes Index
650 #0 - SUBJECT ADDED ENTRY--TOPICAL TERM
Topical term or geographic name as entry element Infant psychology.
9 (RLIN) 5509
Topical term or geographic name as entry element Infants
General subdivision Care.
9 (RLIN) 45896
Topical term or geographic name as entry element Child mental health
General subdivision Evaluation.
9 (RLIN) 90859
942 ## - ADDED ENTRY ELEMENTS (KOHA)
Source of classification or shelving scheme Dewey Decimal Classification
Koha item type Books
Holdings
Lost status Source of classification or shelving scheme Damaged status Not for loan Collection code Permanent Location Current Location Shelving location Date acquired Source of acquisition Cost, normal purchase price Total Checkouts Full call number Date last seen Copy number Koha item type
  Dewey Decimal Classification   Added to bundle Fiction Central Library, University of Rajshahi Central Library, University of Rajshahi Reading Room 15/01/1965 Zeitlinger 26.00   649.122 RIR 1962 07/04/2014 C-1 Books